| 000 | 00365 a2200157 4500 | ||
|---|---|---|---|
| 001 | 16950 | ||
| 020 | _a9788582735589 | ||
| 040 | _cAnchieta - Bela Vista | ||
| 100 | _aMatos, Nato | ||
| 240 | 1 | 0 |
_aO mistério das flores amarelas _lpor |
| 245 | 1 | 0 | _aO mistério das flores amarelas |
| 300 | _a165 | ||
| 362 | 0 | _a2014 | |
| 650 | 4 | _aLiteratura juvenil | |
| 942 | _cBK | ||
| 999 |
_c16950 _d16950 |
||